书目信息 |
| 题名: |
上海名厨陆金华菜肴围边集锦
|
|
| 作者: | 陆金华 制作 ;李承智 编著 | |
| 分册: | ||
| 出版信息: | 上海 上海文化出版社 1993 |
|
| 页数: | 95页 | |
| 开本: | 20cm | |
| 丛书名: | ||
| 单 册: | ||
| 中图分类: | TS972.1 , J314.9 | |
| 科图分类: | ||
| 主题词: | 饮食业--供应技术--菜谱--装饰雕塑 , 雕塑--(技术)美术 | |
| 电子资源: | ||
| ISBN: | 7-80511-611-3 | |
| 000 | 00731nam0 2200241 45 | |
| 001 | 0501061047 | |
| 005 | 20050106104909.5 | |
| 010 | @a7-80511-611-3@dCNY20.00 | |
| 100 | @a20050106d1993 km y0chiy0120 ea | |
| 101 | 0 | @achi |
| 102 | @aCN@b310000 | |
| 200 | 1 | @a上海名厨陆金华菜肴围边集锦@AShang Hai Ming Chu Lu Jin Hua Cai Yao Wei Bian Ji Jin@f陆金华制作@g李承智编著 |
| 210 | @a上海@c上海文化出版社@d1993 | |
| 215 | @a95页@d20cm | |
| 606 | 0 | @a饮食业@x供应技术@x菜谱@x装饰雕塑 |
| 606 | 0 | @a雕塑@x(技术)美术 |
| 690 | @aTS972.1@v4 | |
| 690 | @aJ314.9@v4 | |
| 701 | 0 | @a陆金华@ALu Jin Hua@4制作 |
| 702 | 0 | @a李承智@ALi Cheng Zhi@4编著 |
| 801 | @aCN@bAHTY@c20050106 | |
| 905 | @aBZT@dTS972.1@e233 | |
| 906 | @dCNY20.00@n0@r1 | |
| 上海名厨陆金华菜肴围边集锦/陆金华制作/李承智编著.-上海:上海文化出版社,1993 |
| 95页;20cm |
| ISBN 7-80511-611-3:CNY20.00 |
| ● |
| 相关链接 |
|
|
|
正题名:上海名厨陆金华菜肴围边集锦
索取号:TS972.1/233
 
预约/预借
| 序号 | 登录号 | 条形码 | 馆藏地/架位号 | 状态 | 备注 |
| 1 | 387840 | 210183861 | 中心书库中库/ 中库024架A面1列4层25/ [索取号:TS972.1/233] | 在馆 | |
| 2 | 387841 | 210183834 | 中心书库中库/ 中库024架A面1列4层29/ [索取号:TS972.1/233] | 在馆 | |
| 3 | 387842 | 210183843 | 中心书库中库/ 中库024架A面1列4层30/ [索取号:TS972.1/233] | 在馆 | |
| 4 | 387843 | 210183816 | 中心书库中库/ 中库024架A面1列4层28/ [索取号:TS972.1/233] | 在馆 | |
| 5 | 387844 | 210183825 | 中心书库中库/ 中库024架A面1列4层24/ [索取号:TS972.1/233] | 在馆 | |
| 6 | 387845 | 210183790 | 中心书库中库/ 中库024架A面1列4层35/ [索取号:TS972.1/233] | 在馆 | |
| 7 | 387846 | 210183497 | 中心书库中库/ 中库024架A面1列4层26/ [索取号:TS972.1/233] | 在馆 | |
| 8 | 387847 | 210183503 | 中心书库中库/ 中库024架A面1列4层14/ [索取号:TS972.1/233] | 在馆 | |
| 9 | 387848 | 210183512 | 中心书库中库/ 中库024架A面1列4层41/ [索取号:TS972.1/233] | 在馆 | |
| 10 | 387849 | 210183521 | 中心书库中库/ 中库024架A面1列4层31/ [索取号:TS972.1/233] | 在馆 |